Advanced calculus /
Guardado en:
| Autor Principal: | |
|---|---|
| Otros Autores: | |
| Formato: | Libro |
| Idioma: | English |
| Publicado: |
New York :
Wiley,
c1983.
|
| Edición: | 3rd ed. |
| Materias: | |
| Acceso en línea: | Publisher description Table of Contents |
| Etiquetas: |
Agregar Etiqueta
Sin Etiquetas, Sea el primero en etiquetar este registro!
|
| LEADER | 00881pam a2200253 a 4500 | ||
|---|---|---|---|
| 001 | MAT.inmabb006105 | ||
| 008 | 811006s1983####nyua##########001#0#eng## | ||
| 005 | 20130219152417.0 | ||
| 245 | 1 | 0 | |a Advanced calculus / |c Angus E. Taylor, W. Robert Mann. |
| 250 | |a 3rd ed. | ||
| 260 | |a New York : |b Wiley, |c c1983. | ||
| 300 | |a xv, 732 p. : |b il. ; |c 24 cm. | ||
| 500 | |a Incluye índice. | ||
| 510 | 4 | |a MR, |c 83m:26001 | |
| 020 | |a 0471025666 | ||
| 100 | 1 | |a Taylor, Angus E. |q (Angus Ellis), |d 1911-1999. | |
| 700 | 1 | |a Mann, W. Robert |q (William Robert), |d 1920- | |
| 650 | 0 | |a Calculus. | |
| 084 | |a 26-01 |2 msc2000 | ||
| 010 | |a 81016141 | ||
| 040 | |a DLC |c DLC |d DLC | ||
| 856 | 4 | 2 | |3 Publisher description |u http://www.loc.gov/catdir/description/wiley033/81016141.html |
| 856 | 4 | |3 Table of Contents |u http://www.loc.gov/catdir/toc/onix04/81016141.html | |
| 859 | |h 26 |i T238a |p A-5413 |b BIB. MATEMATICA | ||
